| 000 | 00392 a2200145 4500 | ||
|---|---|---|---|
| 005 | 20250616122637.0 | ||
| 020 | _a0-19-567390-5 | ||
| 082 | _a658.81 PAN | ||
| 100 | _aPANDA, K. T | ||
| 245 | _aSales and Distribution Management | ||
| 260 |
_aNew Delhi _bOxford University Press _c2005. |
||
| 300 |
_ax,698p.: il.;figures _bIndex, References _c24cm |
||
| 700 | _aSunil Sahadev | ||
| 942 |
_2ddc _cBKS |
||
| 999 |
_c4134 _d4134 |
||